000 nam a22 7a 4500
999 _c49919
_d49919
003 OSt
005 20200319095528.0
008 200319b xxu||||| |||| 00| 0 eng d
040 _cSERO SOFT
100 _aBHATNAGAR A.B.
245 _aSHIKSHA KE SAMAJ SASTIRIYA AADHAR
250 _aNEW
260 _aMEERUT
_bR.LALL
300 _a260
942 _2ddc
_c01